Meranie výkonnosti spoločnosti bakalárska práca

Na minha lista:
Detalhes bibliográficos
Autor principal: Lukáčová, Alexandra
Autor Corporativo: Podnikovohospodárska fakulta EU so sídlom v Košiciach. Katedra manažmentu
Outros Autores: Mihalčová, Bohuslava, 1963-
Formato: Livro
Idioma:eslovaco
Publicado em: Košice 2017
Tags: Adicionar Tag
Sem tags, seja o primeiro a adicionar uma tag!

MARC

LEADER 00000nbm a2200000 4500
001 0231612
005 20171113105820.3
041 0 |a slo 
044 |a SK 
245 1 0 |a Meranie výkonnosti spoločnosti  |b bakalárska práca  |c Alexandra Lukáčová ; školiteľ: Bohuslava Mihalčová 
264 1 |a Košice  |c 2017 
300 |a 55 s. 
100 1 |a Lukáčová, Alexandra 
700 1 |a Mihalčová, Bohuslava, 1963- 
710 2 |a Podnikovohospodárska fakulta EU so sídlom v Košiciach. Katedra manažmentu